Các quá trình, thiết bị trong công nghệ hoá chất thực phẩm

Uloženo v:
Podrobná bibliografie
Hlavní autor: Nguyễn, Bin
Médium: Kniha
Jazyk:Undetermined
Vydáno: Hà Nội Khoa học Kỹ thuật 2007
Témata:
Tagy: Přidat tag
Žádné tagy, Buďte první, kdo otaguje tento záznam!
Thư viện lưu trữ: Trung tâm Học liệu Trường Đại học Cần Thơ
LEADER 00692nam a2200229Ia 4500
001 CTU_63294
008 210402s9999 xx 000 0 und d
020 |b 32000 
082 |a 681.754 
082 |b B311/T1 
100 |a Nguyễn, Bin 
245 0 |a Các quá trình, thiết bị trong công nghệ hoá chất thực phẩm 
245 0 |c Nguyễn Bin 
260 |a Hà Nội 
260 |b Khoa học Kỹ thuật 
260 |c 2007 
526 |a Thực tập ngành nghề - CKCB 
526 |b KC285 
650 |a Chemical engineering 
650 |x Equipment and supplies 
904 |i Minh 
980 |a Trung tâm Học liệu Trường Đại học Cần Thơ